<?xml version='1.0' encoding='UTF-8'?>
  <record xmlns="http://www.loc.gov/MARC21/slim">
    <leader>00000cam a2200000 i 4500</leader>
    <controlfield tag="001">ocm68620391</controlfield>
    <controlfield tag="003">OCoLC</controlfield>
    <controlfield tag="005">20250304024235.6</controlfield>
    <controlfield tag="008">970429s1676    ne            000 0 dut d</controlfield>
    <datafield tag="040" ind1=" " ind2=" ">
      <subfield code="a">NLGGC</subfield>
      <subfield code="b">dut</subfield>
      <subfield code="e">fobidrtb</subfield>
      <subfield code="c">NLGGC</subfield>
      <subfield code="d">OCLCO</subfield>
      <subfield code="d">OCLCL</subfield>
      <subfield code="d">OCLCQ</subfield>
    </datafield>
    <datafield tag="029" ind1="0" ind2=" ">
      <subfield code="a">NLGGC</subfield>
      <subfield code="b">15755421X</subfield>
    </datafield>
    <datafield tag="035" ind1=" " ind2=" ">
      <subfield code="a">(OCoLC)68620391</subfield>
    </datafield>
    <datafield tag="100" ind1="1" ind2=" ">
      <subfield code="a">Dikajophilus, Christianus.</subfield>
    </datafield>
    <datafield tag="245" ind1="1" ind2="0">
      <subfield code="a">Ontdeckingh van de onnoosele uytvluchten van de schrijvers van de noodige verantwoordinge van het pretense Collegium Qualificatum van Middelburgh tegen de korte notulen op de apologie van d'heer Johan de Mey, professor en predikant, gedaen voor de bevestinge van d'heer professor Guilhelmus Momma tot predikant binnen Middelburgh /</subfield>
      <subfield code="c">door Christianus Dikajophilus.</subfield>
    </datafield>
    <datafield tag="260" ind1=" " ind2=" ">
      <subfield code="a">[S.l.] :</subfield>
      <subfield code="b">[s.n.],</subfield>
      <subfield code="c">1676.</subfield>
    </datafield>
    <datafield tag="300" ind1=" " ind2=" ">
      <subfield code="a">12 pagina's. :</subfield>
      <subfield code="b">drukkersmerk. ;</subfield>
      <subfield code="c">4-o.</subfield>
    </datafield>
    <datafield tag="336" ind1=" " ind2=" ">
      <subfield code="a">tekst</subfield>
      <subfield code="b">txt</subfield>
      <subfield code="2">rdacontent/dut</subfield>
    </datafield>
    <datafield tag="337" ind1=" " ind2=" ">
      <subfield code="a">zonder medium</subfield>
      <subfield code="b">n</subfield>
      <subfield code="2">rdamedia/dut</subfield>
    </datafield>
    <datafield tag="338" ind1=" " ind2=" ">
      <subfield code="a">band</subfield>
      <subfield code="b">nc</subfield>
      <subfield code="2">rdacarrier/dut</subfield>
    </datafield>
    <datafield tag="600" ind1="1" ind2="4">
      <subfield code="a">Mey, Johannes de,</subfield>
      <subfield code="d">1617-1678.</subfield>
      <subfield code="0">(NL-LeOCL)069032556</subfield>
    </datafield>
    <datafield tag="600" ind1="1" ind2="4">
      <subfield code="a">Momma, Wilhelmus,</subfield>
      <subfield code="d">1642-1677.</subfield>
      <subfield code="0">(NL-LeOCL)071519890</subfield>
    </datafield>
    <datafield tag="758" ind1=" " ind2=" ">
      <subfield code="a">Ontdeckingh van de onnoosele uytvluchten van de schrijvers van de noodige verantwoordinge van het pretense Collegium Qualificatum van Middelburgh tegen de korte notulen op de apologie van d'heer Johan de Mey, professor en predikant, gedaen voor de bevestinge van d'heer professor Guilhelmus Momma tot predikant binnen Middelburgh (Text)</subfield>
      <subfield code="1">https://id.oclc.org/worldcat/entity/E39PCG4cYV4wmwFMHHGXdV3vpP</subfield>
      <subfield code="4">https://id.oclc.org/worldcat/ontology/hasWork</subfield>
    </datafield>
    <datafield tag="936" ind1=" " ind2=" ">
      <subfield code="a">BATCHLOAD</subfield>
    </datafield>
  </record>